Nákupné správanie v súčasnosti

Bibliographic Details
Main Author: Vokounová, Dana, 1962- (Author)
Format: Article
Language:Slovak

MARC

LEADER 00000nab a2200000 a 4500
001 vtls011120066
003 SK-MaSNL
005 20260303145454.0
008 230222|2012 xo |||||||||||||||||slo|
015 |a SNBRB 
035 |a (uuid)4c8cd4d8-7169-416b-a949-923ce7bef720 
035 |a (urnnbn)urn:nbn:sk:snk:ar-a08p43 
035 |a urn:nbn:sk:snk-ab9qnw 
040 |a SNKBUCL  |b slo  |c SNKBUCL  |e AACR2 
041 0 |a slo 
044 |a xo  |c SK 
100 1 |a Vokounová, Dana,  |d 1962-  |4 aut  |9 216475 
245 1 0 |a Nákupné správanie v súčasnosti  |c Dana Vokounová 
246 3 |a Actual Buying Behavior 
773 0 |t Studia commercialia Bratislavensia : vedecký časopis Obchodnej fakulty Ekonomickej univerzity v Bratislave  |g Roč. 5, č. 3 (2012), s. 491-501 
954 |a odborná, vedecká literatúra pôvodná (slovenská)  |2 lita 
958 |a OND 
958 |a EUIPO 
958 |a article13 
999 |c 2003191  |d 2005121